Normal view
MARC view
- Srivastava, U K
Entry Personal Name
001 - CONTROL NUMBER
- control field: 6528
003 - CONTROL NUMBER IDENTIFIER
- control field: OSt
005 - DATE AND TIME OF LATEST TRANSACTION
- control field: 20241223141701.0
008 - FIXED-LENGTH DATA ELEMENTS
- fixed length control field: 241223|| aca||aabn | a|a d
040 ## - CATALOGING SOURCE
- Original cataloging agency: OSt
- Transcribing agency: OSt
100 ## - HEADING--PERSONAL NAME
- Personal name: Srivastava, U K
670 ## - SOURCE DATA FOUND
- Source citation: Work cat.: (OSt)2025: Srivastava, U K ., Wind energy for water pumping : From policy to action / , 1987.
